Ivanhoe. A romance.
Saved in:
| Hovedforfatter: | |
|---|---|
| Format: | Bog |
| Udgivet: |
Winnetka, CA, USA:
Norilana Books,
2006.
|
| Udgivelse: | Reprint Trade Hardcover Edition. |
| Serier: | Norilana Books Classics
|
| Fag: | |
| Tags: |
Tilføj Tag
Ingen Tags, Vær først til at tagge denne postø!
|
MARC
| LEADER | 00000nam a2200000 a 4500 | ||
|---|---|---|---|
| 001 | UCI6991 | ||
| 003 | CL-VaPUC | ||
| 005 | 20230330094144.0 | ||
| 008 | 230327t2006 ||||| |||| 00| 0 eng d | ||
| 999 | |c 440336 |d 440334 | ||
| 020 | |a 978-1-934169-14-8 (ISBN-13) | ||
| 020 | |a 1-934169-14-5 (ISBN-10) | ||
| 040 | |c Pontificia Universidad Católica de Valparaíso | ||
| 082 | 0 | 4 | |a 823 SCO 2006 |2 21 |
| 100 | 0 | |a Scott, Walter |e author |9 354318 |c Sir | |
| 245 | 1 | 0 | |a Ivanhoe. |b A romance. |
| 250 | |a Reprint Trade Hardcover Edition. | ||
| 260 | |a Winnetka, CA, USA: |b Norilana Books, |c 2006. | ||
| 300 | |a 554 páginas. | ||
| 490 | 0 | |a Norilana Books Classics | |
| 500 | |a c.1 Donación Literatura. Memo 3/2023. Educación | ||
| 583 | |a last modification |c 20080605 00:00:00 |k Catalogador Asistente | ||
| 650 | 0 | |a Novelas inglesas |9 265220 | |
| 942 | |c BK |2 ddc | ||
| 952 | |0 0 |1 0 |2 ddc |4 0 |6 823_000000000000000_SCO_2006 |7 0 |8 A |9 589269 |a FDOPOS |b FDOPOS |d 2023-03-27 |e Donación |i 5656844 |o 823 SCO 2006 |p 5656844 |r 2025-01-22 |t 1 |w 2023-03-27 |y BK |k DLH | ||